State of the world, 1988 : (Record no. 12849)

000 -LEADER
fixed length control field 00718cam a2200253Ia 4500
020 ## - INTERNATIONAL STANDARD BOOK NUMBER
ISBN 0393025152 :
020 ## - INTERNATIONAL STANDARD BOOK NUMBER
ISBN 9780393025156
020 ## - INTERNATIONAL STANDARD BOOK NUMBER
ISBN 039330440X (pbk) :
020 ## - INTERNATIONAL STANDARD BOOK NUMBER
ISBN 9780393304404 (pbk)
040 ## - CATALOGING SOURCE
Transcribing agency YOM
082 04 - DEWEY DECIMAL CLASSIFICATION NUMBER
Classification number 338 NOR 1988 A014 Or.
245 00 - TITLE STATEMENT
Title State of the world, 1988 :
Remainder of title a Worldwatch Institute report on progress toward a sustainable society /
250 ## - EDITION STATEMENT
Edition statement 1st ed
260 ## - PUBLICATION, DISTRIBUTION, ETC. (IMPRINT)
Place of publication New York :
Name of publisher Norton,
Year of publication c1988
300 ## - PHYSICAL DESCRIPTION
Number of Pages xvii, 237 p. :
Other physical details ill. ;
Dimensions 24 cm
500 ## - GENERAL NOTE
General note Includes index
650 #0 - SUBJECT ADDED ENTRY--TOPICAL TERM
Topical Term Economic history
650 #0 - SUBJECT ADDED ENTRY--TOPICAL TERM
Topical Term Economic policy
700 1# - ADDED ENTRY--PERSONAL NAME
Personal name Brown, Lester R.
700 1# - ADDED ENTRY--PERSONAL NAME
Personal name Wolf, Edward C
700 1# - ADDED ENTRY--PERSONAL NAME
Personal name Starke, Linda
710 2# - ADDED ENTRY--CORPORATE NAME
Corporate name or jurisdiction name as entry element Worldwatch Institute
942 ## - ADDED ENTRY ELEMENTS (KOHA)
Koha item type សៀវភៅភាសាអង់គ្លេស
952 ## - LOCATION AND ITEM INFORMATION (KOHA)
Withdrawn status [LOCAL, KOHA] 0
Holdings
Permanent Location Date acquired Koha item type Lost status Shelving location Barcode Current Location Full call number
Library Block A2017-08-17សៀវភៅភាសាអង់គ្លេស A014A19274Library Block A338 NOR 1988 A014 Or.
មជ្ឈមណ្ឌលឯការនៃសាកលវិទ្យាល័យភូមិន្ទកសិកម្មចំការដូង

Powered by Koha